| Tag |
First Indicator |
Second Indicator |
Subfields |
| LEADER |
00000nam a22000005i 4500 |
| 001 |
in00004393321 |
| 006 |
m o d |
| 007 |
cr nn 008mamaa |
| 008 |
201111s2021 sz | o |||| 0|eng d |
| 005 |
20240805184634.6 |
| 020 |
|
|
|a 9783030591212
|
| 024 |
7 |
|
|a 10.1007/978-3-030-59121-2
|2 doi
|
| 035 |
|
|
|a (DE-He213)978-3-030-59121-2
|
| 050 |
|
4 |
|a HC85
|
| 072 |
|
7 |
|a RNF
|2 bicssc
|
| 072 |
|
7 |
|a NAT038000
|2 bisacsh
|
| 072 |
|
7 |
|a RNF
|2 thema
|
| 082 |
0 |
4 |
|a 333.7
|2 23
|
| 100 |
1 |
|
|a Soeder, Daniel J.
|e author.
|4 aut
|4 http://id.loc.gov/vocabulary/relators/aut
|
| 245 |
1 |
0 |
|a Fracking and the Environment :
|b A scientific assessment of the environmental risks from hydraulic fracturing and fossil fuels /
|c by Daniel J. Soeder.
|
| 250 |
|
|
|a 1st ed. 2021.
|
| 264 |
|
1 |
|a Cham :
|b Springer International Publishing :
|b Imprint: Springer,
|c 2021.
|
| 300 |
|
|
|a 1 online resource (XXII, 279 pages 44 illustrations, 36 illustrations in color.)
|
| 336 |
|
|
|a text
|b txt
|2 rdacontent
|
| 337 |
|
|
|a computer
|b c
|2 rdamedia
|
| 338 |
|
|
|a online resource
|b cr
|2 rdacarrier
|
| 347 |
|
|
|a text file
|b PDF
|2 rda
|
| 505 |
0 |
|
|a Chapter 1: Introduction: What is Fracking? -- Chapter 2: The History of Oil and Gas Development in the United States -- Chapter 3: Fracking and Air Quality -- Chapter 4: Fracking and Water -- Chapter 5: Effects on Landscapes and Habitats. - Chapter 6: Impacts to Ecosystems and Human Health. - Chapter 7: Fossil Fuels and Climate Change. - Chapter 8: Mitigation and Remediation -- Chapter 9: Balancing Energy, Environment, and Economics.
|
| 520 |
|
|
|a This book provides a systematic scientific approach to the understanding of hydraulic fracturing (fracking) as a hydrocarbon extraction technology and its impact on the environment. The book addresses research from the past decade to assess how fracking can affect air, water, landscapes and ecosystems, and presents the subject in the context of the history of fracking and shale gas development in the United States, describing what is known and not known about environmental impacts, and the broader implications of fossil energy use, climate change, and technology development. In 9 chapters, the author lays out how and why hydraulic fracturing was developed, what driving forces existed at the beginning of the so-called "shale revolution", how success was achieved, and when and why public acceptance of the technology changed. The intended audience is scientific people who are concerned about fracking, but perhaps do not know all that much about it. It is also intended for lay people who would be interested in understanding the technical details of the process and what effects it might or might not be having on the environment. The book is written at a level that is both understandable and technically correct. A further goal is to give some useful insights even to experienced petroleum geologists and engineers who have been doing fracking for many years. .
|
| 650 |
|
0 |
|a Natural resources.
|
| 650 |
|
0 |
|a Energy harvesting.
|
| 650 |
|
0 |
|a Environmental sciences.
|
| 650 |
|
0 |
|a Climate change.
|
| 650 |
1 |
4 |
|a Natural Resources.
|0 https://scigraph.springernature.com/ontologies/product-market-codes/U39000
|
| 650 |
2 |
4 |
|a Energy Harvesting.
|0 https://scigraph.springernature.com/ontologies/product-market-codes/117000
|
| 650 |
2 |
4 |
|a Environmental Science and Engineering.
|0 https://scigraph.springernature.com/ontologies/product-market-codes/G37000
|
| 650 |
2 |
4 |
|a Natural Resource and Energy Economics.
|0 https://scigraph.springernature.com/ontologies/product-market-codes/W48010
|
| 650 |
2 |
4 |
|a Climate Change.
|0 https://scigraph.springernature.com/ontologies/product-market-codes/U12007
|
| 655 |
|
7 |
|a Electronic books.
|2 local
|
| 710 |
2 |
|
|a SpringerLink (Online service)
|
| 773 |
0 |
|
|t Springer Nature eBook
|
| 776 |
0 |
8 |
|i Printed edition:
|z 9783030591205
|
| 776 |
0 |
8 |
|i Printed edition:
|z 9783030591229
|
| 776 |
0 |
8 |
|i Printed edition:
|z 9783030591236
|
| 856 |
4 |
0 |
|u http://proxy.library.tamu.edu/login?url=https://doi.org/10.1007/978-3-030-59121-2
|z Connect to the full text of this electronic book
|t 0
|
| 950 |
|
|
|a Earth and Environmental Science (SpringerNature-11646)
|
| 950 |
|
|
|a Earth and Environmental Science (R0) (SpringerNature-43711)
|
| 955 |
|
|
|a Springer EBA Purchase
|
| 999 |
f |
f |
|s 9905a91e-d726-3347-8e2d-6664b27ba394
|i 0346fb2f-b64c-39fd-87a6-c4f6ccab23ca
|t 0
|
| 952 |
f |
f |
|a Texas A&M University
|b College Station
|c Electronic Resources
|d Available Online
|t 0
|e HC85
|h Library of Congress classification
|
| 998 |
f |
f |
|a HC85
|t 0
|l Available Online
|